MARC

LEADER 00000nam0a2200000 4500
001 305869
005 20231102001836.0
020 |a RU  |b 83-61531 
035 |a (RuTPU)RU\TPU\book\331144 
090 |a 305869 
100 |a 20151001d1983 k y0rusy5003 ca 
101 0 |a rus 
102 |a RU 
105 |a a z 001zy 
200 1 |a Организация труда и физиологические основы его оптимизации при подземной добыче урановых руд  |f М. В. Глушинский 
210 |a Москва  |c Энергоатомиздат  |d 1983 
215 |a 118 с.  |c ил. 
320 |a Библиогр.: с. 112-117 
606 1 |a Урановые руды  |x Добыча  |x Техника безопасности  |x Оптимизация  |x Организация труда  |2 stltpush  |3 (RuTPU)RU\TPU\subj\63203  |9 80234 
610 1 |a труд 
610 1 |a организация 
610 1 |a физиологические основы 
610 1 |a подземная добыча 
610 1 |a производственная среда 
610 1 |a производственная санитария 
610 1 |a горное оборудование 
610 1 |a организация рабочих мест 
675 |a 622.349  |v 3 
700 1 |a Глушинский  |b М. В.  |g Михаил Викторович 
801 0 |a RU  |b RuMRKP  |c 19950704  |g psbo 
801 1 |a RU  |b 63413507  |c 20151001 
801 2 |a RU  |b 63413507  |c 20180711  |g RCR 
942 |c BK